Σχήματα Χωρών από Ε - Statistics

General Stats
  • This quiz has been taken 14 times
  • The average score is 5 of 6
Answer Stats
Picture Answer % Correct
Ελλάδα
100%
Ελβετία
86%
Εσθονία
86%
Εσουατίνι
79%
Ερυθραία
71%
Ελ Σαλβαδόρ
64%
No matching quizzes found
Score Distribution
Percent of People with Each Score
Percentile by Number Answered
Your Score History
You have not taken this quiz